000 01010nam a2200229 a 4500
001 000363314
003 AM-YeHGA
005 20250618072242.0
008 040924s1980 ai a|||gr|||||||||1|arm|d
040 _aAM-YeHGA
041 1 _aarm
_hrus
100 1 _aՊերրո, Շ.
245 1 0 _aՀեքիաթներ /
_cՇ. Պերրո ; Ռուս. թարգմ.՝ Ա.Ա. Ղուկասյան ; Խմբ.՝ Լ.Տ. Սարգսյան ; Նկ.՝ Վ.Ք. Մանդակունի.
260 _aԵրևան :
_bՍովետական գրող,
_c1980.
300 _a126 էջ :
_bգունանկ. ;
_c27 սմ.
650 1 4 _aՖրանսիական մանկական գրականություն
_xՀեքիաթ
700 1 _aՂուկասյան, Ամալյա Արմենակի,
_d1928-2016
_eթարգմ.
_4trl
_92664
700 1 _aՍարգսյան, Լիպարիտ Տիգրանի,
_d1938-2023
_eխմբ.
_4edt
_91060
700 1 _aՄանդակունի, Վաղինակ Քրիստափորի,
_d1929-1990
_eնկ.
_4art
_93402
942 _2udc
_cBK
090 _c140408
999 _c139031
_d139031